| 000 | 00697pam a2200241 a 4500 | ||
|---|---|---|---|
| 001 | 3485679 | ||
| 003 | OSt | ||
| 005 | 20160330111434.0 | ||
| 008 | 940214s1994 nyu 000 1 eng | ||
| 010 | _a 94006726 | ||
| 020 | _a0399139729 | ||
| 040 | _aSEKU | ||
| 050 | 0 | 0 |
_aPS 3569 _b.S2 |
| 082 | 0 | 0 |
_a813/.54 _220 |
| 100 | 1 |
_aSanders, Lawrence, _d1920- |
|
| 240 | 1 | 0 |
_aNovels. _kSelections |
| 245 | 1 | 0 |
_aThree complete novels / _cLawrence Sanders. |
| 260 |
_aNew York : _bPutnam's, _c[1994] |
||
| 300 |
_a732 p. ; _c25 cm. |
||
| 505 | 0 | _aThe sixth commandment -- The seventh commandment -- The eighth commandment. | |
| 650 | 0 | _aDetective and mystery stories, American. | |
| 942 |
_2lcc _cGEN |
||
| 999 |
_c12313 _d12313 |
||